000 002620000a22000970004500
100 1 _aBurkhardt, Helmut
245 1 0 _aWork disposed of humanity endagered
300 _aVol. 7, Núm 2 (1998), Páginas 113-126
773 0 _tEuropean Journal of Theology
942 _cANA
999 _c54008
_d54008